| 000 | 01480nam0a2200337 4500 | ||
|---|---|---|---|
| 001 | RU\NLR\b_ik\147740 | ||
| 005 | 20250616225900.0 | ||
| 035 | _a(NLR Aleph) 002220866 | ||
| 090 |
_a3296656 _c3296656 |
||
| 100 | _a20060616d2005 |||y0rusy50 ca | ||
| 101 | 0 | _aeng | |
| 102 | _aRU | ||
| 105 | _aa ||||||||| | ||
| 200 | 1 |
_aNeutron spin-echo on focused and divergent beams _fV.T. Lebedev, Gy. Török, A.V. Lepekhin |
|
| 210 |
_aGatchina _cПИЯФ _d2005 |
||
| 215 |
_a13 с. _cил. _d20 |
||
| 225 | 1 |
_aPreprint _fRuss. acad. of sciences, Petersburg nuclear physics inst. _v2622. ПИЯФ-2005 |
|
| 300 | _aНа обороте тит. л.: Нейтронное спин-эхо на фокусированных и расходящихся пучках / В.Т. Лебедев, Д. Торок, А.В. Лепехин | ||
| 300 | _aНа обл. надзаг. на рус. яз. | ||
| 300 | _aРез. на рус. яз. | ||
| 320 | _aБиблиогр.: с. 13 | ||
| 517 | 0 | _aНейтронное спин-эхо на фокусированных и расходящихся пучках | |
| 606 | 1 |
_aНейтроны _xСпиновое эхо _92437965 _3RU\NLR\AUTH\661450575 |
|
| 686 | 4 | _aВ382.292.112-41 | |
| 700 | 1 |
_aLebedev _bV. T. _gVasilij Timofeevič _4070 |
|
| 701 | 1 |
_aTörök _bGy. _4070 |
|
| 701 | 1 |
_aLepechin _bA. V. _4070 |
|
| 801 | 0 |
_aRU _bNLR _c20060616 _gPSBO |
|
| 942 | _cBOOK | ||
| 980 | _aNB | ||